000 00290nam a22001337a 4500
008 180910b xxu||||| |||| 00| 0 eng d
020 _a9780471684961
041 _aeng
080 _a541
100 _a12
101 _aKIM
245 _aOrganic Chemistry
_cSolomoms.T.W
942 _2udc
_cBK
999 _c47636
_d47636